Responses for show #6052 - Tuesday, December 28, 2010

Contestants

Anthony Curtis, a pawnbroker from Great Falls, Montana

Alice Jackson, an adjunct instructor of art history from Birmingham, Alabama

Marissa Goldsmith, a web developer from Springfield, Virginia (whose 2-day cash winnings total $33,300)

Jeopardy! Round responses

STATE CAPITALS
FROM PAGE TO SCREEN
MEASURING WHAT?
SUPER COOPER
WHERE'S THAT STATION?
(Alex: We'll give you the station call numbers; you tell us in which city it's registered with the FCC.)
"STOP" & "GO"
    $200 1
(Marissa: What is Colorado?)

Denver

MarissaAlice
    $200 14
Where the Wild Things Are

Marissa
    $200 22
area

Marissa
    $200 21
Gary Cooper

Anthony
    $200 8
Washington, D.C.

Anthony
    $200 6
a mango

Marissa
    $400 2
(Alice: What is Florida?)

Tallahassee

MarissaAlice
    $400 15
Cloudy with a Chance of Meatballs

Anthony
    $400 23
(Anthony: What is distance?)
(Alex: No)
(Alice: What is wind speed?)
(Alex: No)
Both calls were later reversed.

speed

AliceAnthony
    $400 24
Bradley Cooper

Alice
    $400 9
Los Angeles

Alice
    $400 7
a whistle stop

Anthony
    $600 3
Salem

Alice
    $600 16
Whip It

Triple Stumper
    $600 28
distance

Anthony
    $600 25
Anderson Cooper

Alice
    $600 10
Kansas City

Alice
    $600 11
a flamingo

Alice
    $800 4
Little Rock

Alice
    $800 17
Forrest Gump

Anthony
    $800 30
(Alex: We'll accept that. Energy is what i more commonly an erg refers to)

work

Alice
    $800 26
(Anthony: Who is Gil Grissom?)

Gordon Cooper

Anthony
Triple Stumper
    $800 20
Boise

Alice
    $800 12
an f-stop

Marissa
    $1,000 5
Bismarck

Alice
    $1000 18
Matt Damon

Anthony
    $1000 29
(Marissa: What is liquid?)
(Alice: What is volume?)

barometric or atmospheric pressure

MarissaAlice
Triple Stumper
    $1000 27
Chris Cooper

Alice
    $1000 19
Chicago

Alice
    $1000 13
Bus Stop

Triple Stumper

Scores at the first commercial break (after clue 15):

Marissa Alice Anthony
$1,400 $3,800 $1,000

Scores at the end of the Jeopardy! Round:

Marissa Alice Anthony
$600 $7,800 $3,200

Double Jeopardy! Round responses

COMPLETE THE BOOK TITLE
THE PRODUCE AISLE
APOCRYPHA NOW
WHAT'S THE "PLAN"?
LOONEY TUNES
MERRY MELODIES
    $400 13
Dark

Anthony
    $400 1
yams

Marissa
    $400 9
Daniel

Alice
    $400 6
a planetarium

Alice
    $400 12
Elmer Fudd

Anthony
    $400 27
(Marissa: Who is Gilbert?)

Sullivan

MarissaAnthony
    $800 14
Red

Alice
    $800 2
cauliflower

Alice
    $800 18
(Anthony: Who is Mary Magdalene?)

Susanna

Anthony
Triple Stumper
    $800 7
plantation

Marissa
    $800 20
(Anthony: Uh, who is...)
(Alex: Ohh!)
(Anthony: [*]?)
(Alex: Yes, and you got it in just in the nick of time.)
(Anthony: Whew!)

Yosemite Sam

Anthony
    $800 25
"Ode To Joy"

Marissa
    $1200 15
Steel

Anthony
    $1200 3
garlic

Marissa
    $1200 19
Solomon

Marissa
    $1200 8
Planned Parenthood

Anthony
    $1200 21
Acme

Anthony
    $1200 24
Tchaikovsky

Marissa
    $1600 16
Weekend

Triple Stumper
    $1600 4
fig

Triple Stumper
    $1600 29
Babylon

Anthony
    $1600 10
the Plantagenets

Marissa
    $1600 22
Pepé Le Pew

Triple Stumper
    $4,000 26
(Marissa: Who is [*]?)
(Alex: Ohh...)
[Marissa looks disappointed]
(Alex: ...you are absolutely right!)
[Marissa laughs]
[Applause]

Chopin

Marissa
    $2000 17
(Alice: What is Jeopardy?)
(Alex: No... but thanks for the plug.)

Cross

Alice
Triple Stumper
    $2000 5
(Anthony: What is peppermint?)

candy cane

MarissaAnthony
    $4,200 28
(Anthony: Who are the Cohens?)

the Maccabees

Anthony
    $2000 11
plantar

Alice
    $2000 23
Foghorn Leghorn

Marissa
    $2000 30
a march

Anthony

Scores at the end of the Double Jeopardy! Round:

Marissa Alice Anthony
$15,400 $10,200 $5,400

[wagering suggestions for these scores]

Final Jeopardy! Round responses

CABINET OFFICERS
(Alex: [Impersonating [*]] Anthony, we will come to you first to see if you came up to the correct response.)
...
(Alex: Over to Marissa now, she said Dulles, John Foster Dulles, incorrect. If she risked a lot... and she did, $4,600, but she wins by one dollar!)
[Gasps]
AnthonyWho is Kissinger
$5,399
AliceWho is Jefferson?
$5,201
MarissaWho is Dulles?
$4,600
Henry Kissinger

Final scores:

Marissa Alice Anthony
$10,800 $4,999 $10,799
3-day champion: $44,100 3rd place: $1,000 2nd place: $2,000

Game dynamics:

Coryat scores:

Marissa Alice Anthony
$13,000 $10,200 $9,600
15 R
(including 1 DD),
3 W
19 R
(including 1 DD),
3 W
17 R,
4 W
(including 1 DD)

Combined Coryat: $32,800

The J! Archive is created by fans, for fans. The Jeopardy! game show and all elements thereof, including but not limited to copyright and trademark thereto, are the property of Jeopardy Productions, Inc. and are protected under law. This website is not affiliated with, sponsored by, or operated by Jeopardy Productions, Inc. Join the discussion at JBoard.tv.